|
|
|
|
| LEADER |
00599nam a22001932a 4500 |
| 001 |
000949801 |
| 003 |
CZ BrMZK |
| 005 |
20090925082158.0 |
| 007 |
ta |
| 008 |
090625s1967 hu er|||||||||||hun d |
| 040 |
|
|
|a ABA001
|b cze
|c ABA001
|d BOA001
|
| 100 |
1 |
|
|a Kosztolányi, Dezső,
|d 1885-1936
|7 jn19990210349
|4 aut
|
| 245 |
1 |
0 |
|a Édes Anna /
|c Dezsö Kosztolányi
|
| 260 |
|
|
|a Budapest :
|b Szépirodalmi Könyvkiadó,
|c 1967
|
| 300 |
|
|
|a 256 s.
|
| 910 |
|
|
|a BOA001
|b 1-0578.797
|
| 990 |
|
|
|a BK
|
| 991 |
|
|
|b 200906
|
| 996 |
7 |
|
|b 2619472223
|c 1-0578.797
|l MZK
|r Sklad / do 1 hodiny
|n 0
|w 000949801
|u 000010
|a 1
|e BOA001
|j MZK50
|s A
|